000 00431nam a2200169Ia 4500
008 131103s9999 xx 000 0 und d
040 _aLoreto College
041 _aEnglish
082 _aF/COO
_bLCBED/13112
100 _aCoolidge, Susan M.
245 _aWhat katy did
_cSusan M. Coolidge
260 _aLondon
_bBancroft
_c1966
300 _a121p.
_c 23cm.
650 _aEnglish fiction
850 _aLCBED/F/COO
942 _cBK
999 _c32423
_d82902